| 000 | 00388pab a2200145 454500 | ||
|---|---|---|---|
| 008 | 180718b2000 xxu||||| |||| 00| 0 eng d | ||
| 100 | _aNaganna, N. | ||
| 245 | _aEconomic reforms and sustainability: a conceptual analysis and framework | ||
| 260 | _c2000 | ||
| 300 | _ap.355-94 | ||
| 362 | _aJan | ||
| 650 | _aEconomic reform | ||
| 773 | _aIndian Journal of Economics | ||
| 909 | _a45413 | ||
| 999 |
_c45413 _d45413 |
||